[Event "POL-chT3 Kujawsko-Pomorskie 2223"]
[Site "Poland"]
[Date "2022.??.??"]
[Round "3.20"]
[White "Sivickis, Kornelia"]
[Black "Rybak, Elzbieta"]
[Result "1-0"]
[WhiteElo "1159"]
[BlackElo "1122"]
[PlyCount "105"]
[EventDate "2022.11.13"]
[EventType "team-swiss"]
[EventRounds "7"]
[EventCountry "POL"]
[SourceTitle "EXT 2024"]
[Source "ChessBase"]
[SourceDate "2023.10.10"]
[SourceVersion "1"]
[SourceVersionDate "2023.10.10"]
[SourceQuality "1"]

1. e4 e5 2. Nf3 Nc6 3. Bb5 Bd6 4. 0-0 Nf6 5. Re1 Ne7 6. c3 c5 7. d4 Ng6 8. Nbd2 cxd4 9. cxd4 0-0 10. a3 Qe7 11. d5 h6 12. Bd3 Nf4 13. Bc2 Bc7 14. Nc4 d6 15. h3 g5 16. Bxf4 gxf4 17. Rc1 Bd7 18. Bd3 Kh7 19. Kh2 Rg8 20. Rg1 Rg6 21. Qe2 Rag8 22. Ncd2 Bd8 23. Bb5 Ng4+ 24. hxg4 Bxg4 25. g3 Qf6 26. Qd3 h5 27. Nh4 Rg5 28. Ndf3 Bxf3 29. Nxf3 Rg4 30. Bd7 R4g7 31. Qe2 Qh6 32. Qf1 Kh8 33. Qh3 f6 34. Be6 Rf8 35. Nh4 f3 36. Nf5 Qg6 37. Nxg7 Kxg7 38. Qf5 Qh6 39. Qxf3 Qg5 40. Qf5 Qh6 41. Rc3 Bb6 42. Rf3 Bd8 43. Kg2 Be7 44. Rh1 Rh8 45. Rc3 Qg5 46. Qxg5+ fxg5 47. Rc7 Kf6 48. Rxb7 h4 49. Rxa7 Rc8 50. Bxc8 Bf8 51. gxh4 gxh4 52. Rxh4 Kg5 53. Rg4+ 1-0